C2(名二環)のIC - Statistics

General Stats
  • This quiz has been taken 108 times
  • The average score is 22 of 34
Answer Stats
名二環 % Correct
IC 名古屋
89%
JCT 名古屋南
79%
JCT 高針
79%
IC
76%
JCT
76%
JCT 飛島
76%
JCT 上社
75%
IC 上社
75%
JCT 名古屋西
75%
JCT 上社
75%
IC 有松
71%
IC 鳴海
71%
JCT 清洲
71%
IC 勝川
67%
IC 植田
65%
IC 清洲東
63%
IC 清洲西
63%
IC 本郷
63%
IC 大森
62%
IC 山田東
62%
IC 甚目寺北
62%
IC 甚目寺南
62%
IC 大治南
60%
IC 山田西
59%
IC 大治北
59%
IC 小幡
54%
IC 引山
52%
IC 松河戸
52%
IC 飛島北
51%
IC 上社南
49%
IC 平田
41%
IC 富田
41%
IC 南陽
41%
IC 千音寺南
40%
No matching quizzes found
Score Distribution
Percent of People with Each Score
Percentile by Number Answered
Your Score History
You have not taken this quiz